[Event "Madrid ch veteranos 2014"]
[Site "Madrid ESP"]
[Date "2014.01.13"]
[Round "5.8"]
[White "Ciuro Munoz, Ricardo"]
[Black "Lopez Peral, Enrique"]
[Result "1-0"]
[WhiteElo "2030"]
[BlackElo "1797"]
[PlyCount "109"]
[EventDate "2014.01.07"]
[EventType "swiss"]
[EventRounds "9"]
[EventCountry "ESP"]
[Source "lmi"]
[SourceDate "2014.01.07"]

1. d4 d5 2. Bf4 Nf6 3. e3 e6 4. Nf3 b6 5. Bb5+ c6 6. Bd3 Ba6 7. O-O Bxd3 8.
cxd3 Bd6 9. Ne5 Bxe5 10. dxe5 Nfd7 11. Qg4 g5 12. Qxg5 Qxg5 13. Bxg5 Na6 14. d4
c5 15. Nc3 Nc7 16. Rac1 c4 17. e4 Rg8 18. Be3 b5 19. exd5 exd5 20. b4 Nb8 21.
a4 Nc6 22. axb5 Nxb4 23. Ra1 Kd7 24. Na4 Rgb8 25. Nc5+ Kc8 26. Na6 Rxb5 27. Nc5
a5 28. Ra4 Ne6 29. Nxe6 fxe6 30. f4 c3 31. Rc1 c2 32. Bd2 Kd7 33. Bxb4 Rxb4 34.
Ra2 Rxd4 35. Raxc2 Rxf4 36. Rc7+ Kd8 37. Rxh7 Rf8 38. Rc6 a4 39. Rd6+ Kc8 40.
Rxe6 a3 41. Rc6+ Kb8 42. Rc1 a2 43. Ra1 d4 44. Rd7 Ra4 45. h3 Re8 46. Rd5 Re6
47. Rb5+ Ka7 48. Rb2 Rxe5 49. Raxa2 Rxa2 50. Rxa2+ Kb6 51. Kf2 Kc5 52. Ra5+ Kd6
53. Rxe5 Kxe5 54. Kf3 Kd5 55. g4 1-0

[Event "Madrid ch veteranos 2014"]
[Site "Madrid ESP"]
[Date "2014.01.13"]
[Round "5.9"]
[White "Diaz Begonte, Manuel"]
[Black "Cabrera Jimenez, Julio"]
[Result "1-0"]
[WhiteElo "1793"]
[BlackElo "1877"]
[PlyCount "125"]
[EventDate "2014.01.07"]
[EventType "swiss"]
[EventRounds "9"]
[EventCountry "ESP"]
[Source "lmi"]
[SourceDate "2014.01.07"]

1. e4 c5 2. d4 cxd4 3. c3 dxc3 4. Nxc3 Nc6 5. Nf3 a6 6. Bc4 e6 7. O-O b5 8. Bb3
Bb7 9. Qe2 Qc7 10. Bg5 Be7 11. Nd5 Qd8 12. Nxe7 Ngxe7 13. Rfd1 O-O 14. Rac1 f6
15. Bxe6+ Kh8 16. Rxd7 Qb8 17. Bh4 Ra7 18. Bg3 Qa8 19. Rc7 Rd8 20. e5 Bc8 21.
Rxa7 Qxa7 22. Bxc8 Rxc8 23. exf6 gxf6 24. Qe6 Qb7 25. Qxf6+ Kg8 26. Qe6+ Kg7
27. Ne5 Nd8 28. Qg4+ Kf8 29. Rxc8 Nxc8 30. Qf5+ Ke8 31. h3 Nd6 32. Qf6 N8f7 33.
Nxf7 Nxf7 34. Qe6+ Kf8 35. h4 Qa8 36. Qf6 Qd5 37. a3 a5 38. Qc3 a4 39. Qb4+ Kg8
40. Qe7 Qf5 41. Qe8+ Kg7 42. Kh2 h6 43. Qb8 Qd5 44. Qf4 Kg8 45. Qb4 Qf5 46. Bf4
Ne5 47. Bxe5 Qxe5+ 48. g3 Qe2 49. Kg2 Qd3 50. Qg4+ Kh7 51. h5 Qd5+ 52. Qf3 Qd7
53. Qe4+ Kh8 54. g4 Qg7 55. Qe8+ Kh7 56. Qg6+ Qxg6 57. hxg6+ Kxg6 58. f4 Kf6
59. Kf3 Ke7 60. Ke4 Ke6 61. Kd4 Kd6 62. f5 b4 63. axb4 1-0

[Event "Madrid ch veteranos 2014"]
[Site "Madrid ESP"]
[Date "2014.01.13"]
[Round "5.10"]
[White "Gil Sierra, Jacinto"]
[Black "Alvarez Escudero, Manuel"]
[Result "1-0"]
[WhiteElo "2061"]
[BlackElo "1782"]
[PlyCount "99"]
[EventDate "2014.01.07"]
[EventType "swiss"]
[EventRounds "9"]
[EventCountry "ESP"]
[Source "lmi"]
[SourceDate "2014.01.07"]

1. e4 d6 2. d4 c5 3. dxc5 Qa5+ 4. Nc3 Qxc5 5. Be3 Qa5 6. Bb5+ Bd7 7. Qd5 Bxb5
8. Qxb5+ Qxb5 9. Nxb5 Kd7 10. Nxa7 Nf6 11. f3 g6 12. Ne2 Bg7 13. Kf2 Ne8 14. c3
Nc7 15. a4 Nc6 16. Nxc6 bxc6 17. b4 f5 18. Bd4 e5 19. Bb6 fxe4 20. fxe4 Rhf8+
21. Ke3 Ne6 22. Kd3 d5 23. Be3 Nf4+ 24. Bxf4 exf4 25. exd5 cxd5 26. Rhf1 g5 27.
Nd4 Rfe8 28. a5 Re3+ 29. Kd2 Rc8 30. Rac1 Bxd4 31. cxd4 Rb3 32. Rxc8 Kxc8 33.
Rc1+ Kb7 34. Rc5 Rxb4 35. Kc3 Rb1 36. Rxd5 h6 37. Re5 Rg1 38. Re2 h5 39. d5 g4
40. Kd4 Ka6 41. Ke4 Rf1 42. d6 Rd1 43. Ke5 Kxa5 44. Ke6 h4 45. d7 Kb6 46. Ke7
f3 47. gxf3 gxf3 48. Rb2+ Kc5 49. Rf2 Rd3 50. d8=Q 1-0

[Event "Madrid ch veteranos 2014"]
[Site "Madrid ESP"]
[Date "2014.01.14"]
[Round "6.1"]
[White "Martin Martin, Luis Vicente"]
[Black "Gonzalez Rivera, Eduardo"]
[Result "1-0"]
[WhiteElo "2051"]
[BlackElo "2084"]
[PlyCount "61"]
[EventDate "2014.01.07"]
[EventType "swiss"]
[EventRounds "9"]
[EventCountry "ESP"]
[Source "lmi"]
[SourceDate "2014.01.07"]

1. d4 Nf6 2. Bf4 d5 3. e3 e6 4. Nf3 Bd6 5. Bg3 O-O 6. Nbd2 c5 7. c3 b6 8. Ne5
Bb7 9. Bd3 Qc7 10. f4 Nbd7 11. Qf3 Rfe8 12. Bh4 Be7 13. g4 cxd4 14. exd4 Ne4
15. Bxe7 Nxd2 16. Kxd2 Rxe7 17. g5 f6 18. Nxd7 Rxd7 19. Raf1 f5 20. Re1 Re7 21.
Re5 b5 22. Rhe1 b4 23. Rxe6 Rxe6 24. Rxe6 bxc3+ 25. bxc3 Qa5 26. Bxf5 Qxa2+ 27.
Bc2 Rf8 28. Qh5 Rxf4 29. Re8+ Rf8 30. Qxh7+ Kf7 31. Qg6+ 1-0

[Event "Madrid ch veteranos 2014"]
[Site "Madrid ESP"]
[Date "2014.01.14"]
[Round "6.2"]
[White "Casares Ripoll, Fernando"]
[Black "Gonzalez Mateos, Rafael"]
[Result "1-0"]
[WhiteElo "2115"]
[BlackElo "2015"]
[PlyCount "57"]
[EventDate "2014.01.07"]
[EventType "swiss"]
[EventRounds "9"]
[EventCountry "ESP"]
[Source "lmi"]
[SourceDate "2014.01.07"]

1. c4 c6 2. d4 d5 3. cxd5 cxd5 4. Nf3 Nf6 5. Nc3 e6 6. Bg5 Nbd7 7. e3 Qb6 8.
Qc2 Bb4 9. Bd3 h6 10. Bh4 a6 11. O-O g5 12. Bg3 Nh5 13. Na4 Qa7 14. Be5 Nxe5
15. Nxe5 O-O 16. Rac1 Bd6 17. Qe2 Bxe5 18. dxe5 Ng7 19. h4 Bd7 20. Nc5 Bb5 21.
Bxb5 axb5 22. Nd7 Rfc8 23. hxg5 hxg5 24. Nf6+ Kf8 25. Qxb5 b6 26. Rc6 Ne8 27.
Qb4+ Kg7 28. Rxc8 Rxc8 29. Qg4 1-0

[Event "Madrid ch veteranos 2014"]
[Site "Madrid ESP"]
[Date "2014.01.14"]
[Round "6.3"]
[White "Cabanas Bravo, Juan Andres"]
[Black "Fernandez Garcia, Ignacio"]
[Result "1-0"]
[WhiteElo "2072"]
[BlackElo "1893"]
[PlyCount "93"]
[EventDate "2014.01.07"]
[EventType "swiss"]
[EventRounds "9"]
[EventCountry "ESP"]
[Source "lmi"]
[SourceDate "2014.01.07"]

1. e4 g6 2. d4 Bg7 3. Nc3 d6 4. f4 Nf6 5. Nf3 c6 6. e5 Nd5 7. Bc4 Nxc3 8. bxc3
d5 9. Bd3 Bg4 10. O-O e6 11. Qe1 Bxf3 12. Rxf3 Nd7 13. Rb1 b5 14. Ba3 Bf8 15.
Qc1 Bxa3 16. Qxa3 Qe7 17. Qa6 Nb6 18. a4 Qa3 19. axb5 Qxc3 20. Kh1 c5 21. Bxg6
Qxd4 22. Bxf7+ Kxf7 23. Qb7+ Ke8 24. Rg3 Rd8 25. Rg7 Nd7 26. Qc6 Kf8 27. Rxd7
Rxd7 28. Qxd7 Qxf4 29. Qxa7 Rg8 30. Qxc5+ Kf7 31. b6 Qxe5 32. c4 Kg6 33. cxd5
exd5 34. Rc1 Rg7 35. Qc7 Qb2 36. Qd6+ Kh5 37. Qxd5+ Kh6 38. Qe6+ Rg6 39. Qh3+
Kg7 40. Rc7+ Kf6 41. Qc3+ Qxc3 42. Rxc3 Ke7 43. Rb3 Rg8 44. b7 Rb8 45. h4 Kd6
46. g4 Kc7 47. g5 1-0

[Event "Madrid ch veteranos 2014"]
[Site "Madrid ESP"]
[Date "2014.01.14"]
[Round "6.4"]
[White "Perez Cameselle, Francisco"]
[Black "Estrada Martinez, Cesar"]
[Result "1/2-1/2"]
[WhiteElo "1847"]
[BlackElo "2028"]
[PlyCount "55"]
[EventDate "2014.01.07"]
[EventType "swiss"]
[EventRounds "9"]
[EventCountry "ESP"]
[Source "lmi"]
[SourceDate "2014.01.07"]

1. e4 c5 2. d3 Nf6 3. Nf3 Nc6 4. g3 d5 5. Nbd2 Bg4 6. h3 Bh5 7. Bg2 e6 8. O-O
Be7 9. c3 O-O 10. g4 Bg6 11. Nh4 dxe4 12. Nxg6 hxg6 13. dxe4 Qd7 14. Qe2 Rad8
15. Nf3 Qd3 16. Qxd3 Rxd3 17. Re1 e5 18. Bg5 Rfd8 19. Nh2 Ne8 20. Be3 Nc7 21.
Bf1 R3d7 22. Be2 Ne6 23. Nf3 a6 24. Red1 Nf4 25. Bxf4 exf4 26. Rxd7 Rxd7 27.
Rd1 Rxd1+ 28. Bxd1 1/2-1/2

[Event "Madrid ch veteranos 2014"]
[Site "Madrid ESP"]
[Date "2014.01.14"]
[Round "6.5"]
[White "Lopez Heras, Arturo"]
[Black "Ciuro Munoz, Ricardo"]
[Result "1/2-1/2"]
[WhiteElo "1948"]
[BlackElo "2030"]
[PlyCount "91"]
[EventDate "2014.01.07"]
[EventType "swiss"]
[EventRounds "9"]
[EventCountry "ESP"]
[Source "lmi"]
[SourceDate "2014.01.07"]

1. e4 e6 2. d4 d5 3. e5 c5 4. Nf3 cxd4 5. Bd3 Nc6 6. O-O Bc5 7. Re1 Nge7 8.
Nbd2 Ng6 9. Nb3 Bb6 10. Bg5 Qc7 11. Qe2 Bd7 12. a3 a5 13. h4 a4 14. h5 axb3 15.
hxg6 hxg6 16. cxb3 Qb8 17. b4 Rh5 18. g4 Rh8 19. Kg2 Bd8 20. Rh1 Rg8 21. Rae1
Bxg5 22. Nxg5 Qd8 23. f4 Qe7 24. Qc2 Rc8 25. Qb1 Kd8 26. Nf3 Be8 27. Rc1 f6 28.
Bxg6 fxe5 29. fxe5 Rf8 30. Bxe8 Qxe8 31. b5 Na7 32. Rxc8+ Kxc8 33. Qc2+ Kb8 34.
a4 Qf7 35. Rh3 Qf4 36. Qg6 Rc8 37. Rh7 Rf8 38. Rh3 Qe3 39. Qxe6 Qe2+ 40. Kh1
Nc8 41. Qxd5 d3 42. e6 d2 43. Qxd2 Qxe6 44. Qg2 Rd8 45. Qg3+ Ka8 46. Ng1
1/2-1/2

[Event "Madrid ch veteranos 2014"]
[Site "Madrid ESP"]
[Date "2014.01.14"]
[Round "6.6"]
[White "Perez Agusti, Luis"]
[Black "Diaz Begonte, Manuel"]
[Result "1-0"]
[WhiteElo "1928"]
[BlackElo "1793"]
[PlyCount "71"]
[EventDate "2014.01.07"]
[EventType "swiss"]
[EventRounds "9"]
[EventCountry "ESP"]
[Source "lmi"]
[SourceDate "2014.01.07"]

1. d4 d5 2. Nf3 Nf6 3. Bg5 Ne4 4. Bh4 h6 5. e3 g5 6. Bg3 Bg7 7. Bd3 Nxg3 8.
hxg3 c5 9. c3 c4 10. Bc2 Bg4 11. e4 O-O 12. Nbd2 e6 13. Qe2 Re8 14. Qe3 Nc6 15.
Nh2 Bh5 16. e5 f6 17. f4 fxe5 18. fxe5 Rf8 19. g4 Bf7 20. O-O-O b5 21. Rdf1 b4
22. Rf2 Rb8 23. Nhf3 bxc3 24. Qxc3 Nb4 25. Bb1 Bg6 26. a3 Nd3+ 27. Bxd3 cxd3
28. Kb1 Qb6 29. Rc1 Qa6 30. b4 Qa4 31. Ka2 Rf7 32. Qc6 Rb5 33. Qxe6 Kh7 34. Rc6
Rb6 35. Nxg5+ hxg5 36. Qxg6+ 1-0

[Event "Madrid ch veteranos 2014"]
[Site "Madrid ESP"]
[Date "2014.01.14"]
[Round "6.7"]
[White "Hernandez Gutierrez, Jose"]
[Black "Gil Sierra, Jacinto"]
[Result "1-0"]
[WhiteElo "1835"]
[BlackElo "2061"]
[PlyCount "57"]
[EventDate "2014.01.07"]
[EventType "swiss"]
[EventRounds "9"]
[EventCountry "ESP"]
[Source "lmi"]
[SourceDate "2014.01.07"]

1. d4 e6 2. c4 f5 3. g3 Nf6 4. Bg2 Bb4+ 5. Bd2 Bxd2+ 6. Nxd2 Nc6 7. e3 O-O 8.
Ne2 d6 9. O-O e5 10. a3 Qe8 11. b4 Qh5 12. b5 Ne7 13. Nc3 Qh6 14. dxe5 dxe5 15.
Qe2 Ng6 16. Nd5 Nxd5 17. Bxd5+ Kh8 18. Rad1 f4 19. exf4 exf4 20. Bg2 Bh3 21.
Rfe1 Bxg2 22. Kxg2 fxg3 23. hxg3 Qg5 24. Kh2 h5 25. Ne4 Qf5 26. Rd5 Qf7 27.
Qxh5+ Kg8 28. f4 Rae8 29. Ng5 1-0

[Event "Madrid ch veteranos 2014"]
[Site "Madrid ESP"]
[Date "2014.01.14"]
[Round "6.8"]
[White "Garcia Gutierrez, Jose"]
[Black "Martinez Miura, Enrique"]
[Result "1/2-1/2"]
[WhiteElo "2006"]
[BlackElo "1690"]
[PlyCount "129"]
[EventDate "2014.01.07"]
[EventType "swiss"]
[EventRounds "9"]
[EventCountry "ESP"]
[Source "lmi"]
[SourceDate "2014.01.07"]

1. e4 e6 2. d4 d5 3. Nd2 dxe4 4. Nxe4 Nd7 5. Nf3 Ngf6 6. Nxf6+ Nxf6 7. c3 Be7
8. Bd3 O-O 9. Qe2 b6 10. Bf4 Bb7 11. O-O-O Qc8 12. h4 c5 13. dxc5 Qxc5 14. Ng5
Rac8 15. Be5 h6 16. Rh3 Rfd8 17. Rg3 hxg5 18. Rxg5 Rd5 19. Kb1 Rxe5 20. Rxe5
Qc7 21. g4 Nxg4 22. Rh5 Nf6 23. Rg5 Ne4 24. Bxe4 Bxg5 25. hxg5 Bxe4+ 26. Qxe4
Rd8 27. Rh1 Qd7 28. Qe2 Qd3+ 29. Qxd3 Rxd3 30. Kc2 Rf3 31. Rh2 g6 32. a4 Kf8
33. b4 Ke7 34. c4 Ra3 35. Kb2 Rxa4 36. Kb3 Ra1 37. Rh3 Re1 38. Rd3 Re5 39. f4
Rf5 40. Rd4 e5 41. Re4 Kd6 42. fxe5+ Rxe5 43. Rg4 a6 44. Rg1 Re3+ 45. Kb2 Re5
46. Kc3 a5 47. Rf1 axb4+ 48. Kxb4 Rf5 49. Rg1 Kc6 50. Rg2 b5 51. cxb5+ Rxb5+
52. Kc4 Rf5 53. Kd4 Kd6 54. Ke4 Ke6 55. Rg1 Ra5 56. Ke3 Ke5 57. Rg4 f5 58. gxf6
Kxf6 59. Kf3 g5 60. Kg3 Ra3+ 61. Kg2 Kf5 62. Rb4 g4 63. Rb5+ Kf4 64. Rb4+ Kg5
65. Rb1 1/2-1/2

[Event "Madrid ch veteranos 2014"]
[Site "Madrid ESP"]
[Date "2014.01.14"]
[Round "6.9"]
[White "Keller, August"]
[Black "Fuentes Arjona, Antonio"]
[Result "0-1"]
[WhiteElo "1791"]
[BlackElo "1992"]
[PlyCount "106"]
[EventDate "2014.01.07"]
[EventType "swiss"]
[EventRounds "9"]
[EventCountry "ESP"]
[Source "lmi"]
[SourceDate "2014.01.07"]

1. e4 c5 2. Nf3 Nc6 3. Bb5 Nd4 4. Bc4 d6 5. c3 Nxf3+ 6. Qxf3 Nf6 7. O-O g6 8.
d4 Qc7 9. Bb5+ Bd7 10. Na3 Bg7 11. e5 dxe5 12. dxe5 Qxe5 13. Bxd7+ Nxd7 14. Bf4
Qf5 15. Qxb7 O-O 16. Rad1 Qxf4 17. Qxd7 Bf6 18. g3 Qb8 19. Nc4 Rc8 20. Rd2 Rc7
21. Qa4 a6 22. Rfd1 Qb5 23. Rd8+ Rxd8 24. Rxd8+ Kg7 25. Qxb5 axb5 26. Ne3 b4
27. Nd5 bxc3 28. Nxc3 Ra7 29. Rc8 Bd4 30. Kf1 Rb7 31. Na4 Bxb2 32. Rxc5 Bd4 33.
Rc2 Rb1+ 34. Ke2 Rb4 35. Nc5 Bxc5 36. Rxc5 Rb2+ 37. Kf3 Rxa2 38. h4 h5 39. Rb5
Kf6 40. Rc5 Ra3+ 41. Ke4 Ra4+ 42. Ke3 Ke6 43. Kd3 Ra6 44. Kd4 Rd6+ 45. Ke4 f5+
46. Ke3 Kf6 47. f4 Re6+ 48. Kf3 Ra6 49. Ke3 Ra3+ 50. Kf2 Rd3 51. Ra5 Rd4 52.
Re5 Re4 53. Rxe4 fxe4 0-1

[Event "Madrid ch veteranos 2014"]
[Site "Madrid ESP"]
[Date "2014.01.14"]
[Round "6.10"]
[White "Camarero Izquierdo, Juan Carlos"]
[Black "Rufo Yebra, Benito"]
[Result "1-0"]
[WhiteElo "1859"]
[BlackElo "1496"]
[PlyCount "109"]
[EventDate "2014.01.07"]
[EventType "swiss"]
[EventRounds "9"]
[EventCountry "ESP"]
[Source "lmi"]
[SourceDate "2014.01.07"]

1. d4 d5 2. Nc3 Bf5 3. f3 Nf6 4. Bg5 e6 5. e4 Bg6 6. e5 h6 7. Bh4 Bb4 8. exf6
gxf6 9. Bd3 a6 10. Bxg6 fxg6 11. Qd3 Rg8 12. Nge2 Nd7 13. Qe3 Qe7 14. O-O g5
15. Bg3 h5 16. Bxc7 h4 17. a3 Bd6 18. Bxd6 Qxd6 19. f4 O-O-O 20. b4 g4 21. Na4
e5 22. Nc5 exd4 23. Qxd4 Nb6 24. f5 h3 25. g3 Nc4 26. Nf4 Ne5 27. Nce6 Nf3+ 28.
Rxf3 gxf3 29. Nxd8 Qxd8 30. Qxd5 Qb6+ 31. Qc5+ Qxc5+ 32. bxc5 Rd8 33. Nxh3 Rd2
34. Nf2 Rxc2 35. h4 Rxc5 36. g4 Re5 37. Rd1 Kc7 38. h5 Re7 39. Kh2 b5 40. Kg3
Re3 41. h6 Re7 42. Rh1 Rh7 43. Ne4 Kd8 44. Nxf6 Rh8 45. h7 Ke7 46. g5 Kf7 47.
Kxf3 a5 48. Kf4 b4 49. Ke5 Rb8 50. g6+ Kg7 51. Nh5+ Kh8 52. f6 b3 53. Ng7 Rb5+
54. Kd6 Rg5 55. f7 1-0

[Event "Madrid ch veteranos 2014"]
[Site "Madrid ESP"]
[Date "2014.01.15"]
[Round "7.1"]
[White "Cabanas Bravo, Juan Andres"]
[Black "Martin Martin, Luis Vicente"]
[Result "0-1"]
[WhiteElo "2072"]
[BlackElo "2051"]
[PlyCount "68"]
[EventDate "2014.01.07"]
[EventType "swiss"]
[EventRounds "9"]
[EventCountry "ESP"]
[Source "lmi"]
[SourceDate "2014.01.07"]

1. e4 e6 2. d4 d5 3. Nc3 dxe4 4. Nxe4 Nd7 5. Be2 Ngf6 6. Nxf6+ Nxf6 7. Bf3 Bd6
8. Ne2 O-O 9. Bf4 Bxf4 10. Nxf4 Qd6 11. Ne2 Qb4+ 12. Qd2 Qxb2 13. O-O Qb6 14.
Rfb1 Qa6 15. Qg5 Qc4 16. c3 h6 17. Qb5 Qxb5 18. Rxb5 Rb8 19. Rc5 Ne8 20. Ra5 a6
21. Rb1 b6 22. Ra4 Nd6 23. Bc6 b5 24. c4 Rb6 25. cxb5 axb5 26. Bxb5 Rxb5 27.
Rxb5 Nxb5 28. Rb4 Bd7 29. Rc4 Ra8 30. a4 Nd6 31. Rxc7 Rxa4 32. f3 Bb5 33. Nc3
Rxd4 34. Ra7 Bc4 0-1

[Event "Madrid ch veteranos 2014"]
[Site "Madrid ESP"]
[Date "2014.01.15"]
[Round "7.2"]
[White "Gonzalez Rivera, Eduardo"]
[Black "Casares Ripoll, Fernando"]
[Result "1-0"]
[WhiteElo "2084"]
[BlackElo "2115"]
[PlyCount "107"]
[EventDate "2014.01.07"]
[EventType "swiss"]
[EventRounds "9"]
[EventCountry "ESP"]
[Source "lmi"]
[SourceDate "2014.01.07"]

1. e4 d6 2. d4 Nf6 3. Nc3 g6 4. Be3 Bg7 5. f3 O-O 6. Qd2 c6 7. Bh6 b5 8. h4 e5
9. Bxg7 Kxg7 10. O-O-O Nbd7 11. h5 Nxh5 12. g4 Nf4 13. Qh2 h5 14. dxe5 dxe5 15.
Nh3 Nxh3 16. Bxh3 Qg5+ 17. Kb1 Nf6 18. gxh5 Rh8 19. Bxc8 Raxc8 20. Rdg1 Qf4 21.
Qxf4 exf4 22. hxg6 fxg6 23. Rxh8 Rxh8 24. Ne2 Nh5 25. Nd4 Rc8 26. a4 bxa4 27.
Rg4 Kf6 28. c3 c5 29. Nb5 a6 30. Nd6 Rd8 31. e5+ Kg7 32. Kc2 Rb8 33. Rg2 Ng3
34. Kd3 Nf1 35. Ke4 Ne3 36. Rd2 g5 37. Nf5+ Kf7 38. Nxe3 fxe3 39. Kxe3 Ke6 40.
Ke4 Rf8 41. Rd6+ Ke7 42. Rxa6 Rf4+ 43. Kd5 Rxf3 44. Rxa4 Rd3+ 45. Kxc5 Ke6 46.
Rg4 Rd5+ 47. Kc6 Rxe5 48. b4 Rf5 49. b5 Rf4 50. Rxf4 gxf4 51. b6 f3 52. b7 f2
53. b8=Q f1=Q 54. Qe8+ 1-0

[Event "Madrid ch veteranos 2014"]
[Site "Madrid ESP"]
[Date "2014.01.15"]
[Round "7.3"]
[White "Estrada Martinez, Cesar"]
[Black "Perez Agusti, Luis"]
[Result "0-1"]
[WhiteElo "2028"]
[BlackElo "1928"]
[PlyCount "126"]
[EventDate "2014.01.07"]
[EventType "swiss"]
[EventRounds "9"]
[EventCountry "ESP"]
[Source "lmi"]
[SourceDate "2014.01.07"]

1. c4 f5 2. d4 Nf6 3. Nc3 g6 4. g3 Bg7 5. Bg2 O-O 6. e4 fxe4 7. Nxe4 Nxe4 8.
Bxe4 e5 9. dxe5 Qe7 10. Ne2 Qxe5 11. Qd5+ Qxd5 12. Bxd5+ Kh8 13. O-O d6 14. Nc3
c6 15. Be4 Re8 16. Bd2 Nd7 17. Rfe1 Ne5 18. b3 Bf5 19. Kg2 Nd3 20. Bxd3 Bxd3
21. Rxe8+ Rxe8 22. Re1 Rxe1 23. Bxe1 Kg8 24. f4 Kf7 25. Kf3 Bxc3 26. Bxc3 Bb1
27. a3 Ba2 28. b4 Bxc4 29. Ke4 Ke6 30. g4 Be2 31. f5+ Kf7 32. Kf4 gxf5 33. gxf5
Bd3 34. Kg5 h6+ 35. Kxh6 Bxf5 36. Kg5 Bh3 37. Kf4 Ke6 38. Ke4 b6 39. Bg7 Bg2+
40. Kd3 Bh3 41. Kd4 c5+ 42. bxc5 bxc5+ 43. Kc3 Kd5 44. a4 Kc6 45. Bf6 d5 46.
Be5 Kb6 47. Kb3 Bg4 48. h4 Bd1+ 49. Ka3 d4 50. Bf6 Kc6 51. Be5 Kd5 52. Bb8 a6
53. a5 Ke4 54. Kb2 Kd3 55. Kc1 Bh5 56. Bd6 c4 57. Bf4 Ke2 58. Be5 Ke3 59. Bf6
c3 60. Bg7 Kd3 61. Bh6 Kc4 62. Bf4 d3 63. Be3 Kb4 0-1

[Event "Madrid ch veteranos 2014"]
[Site "Madrid ESP"]
[Date "2014.01.15"]
[Round "7.4"]
[White "Ciuro Munoz, Ricardo"]
[Black "Perez Cameselle, Francisco"]
[Result "1/2-1/2"]
[WhiteElo "2030"]
[BlackElo "1847"]
[PlyCount "43"]
[EventDate "2014.01.07"]
[EventType "swiss"]
[EventRounds "9"]
[EventCountry "ESP"]
[Source "lmi"]
[SourceDate "2014.01.07"]

1. d4 e6 2. Bf4 f5 3. Nf3 Nf6 4. h3 b6 5. Nc3 Bb7 6. e3 Be7 7. Bd3 O-O 8. Qe2
Ne4 9. Bxe4 Bxe4 10. Nxe4 fxe4 11. Nd2 d5 12. c4 Bd6 13. Bxd6 Qxd6 14. O-O Nd7
15. f3 exf3 16. Nxf3 Nf6 17. Nd2 Rae8 18. Rae1 e5 19. cxd5 Qxd5 20. Qc4 Qxc4
21. Nxc4 exd4 22. exd4 1/2-1/2

[Event "Madrid ch veteranos 2014"]
[Site "Madrid ESP"]
[Date "2014.01.15"]
[Round "7.5"]
[White "Gonzalez Mateos, Rafael"]
[Black "Fernandez Garcia, Ignacio"]
[Result "1/2-1/2"]
[WhiteElo "2015"]
[BlackElo "1893"]
[PlyCount "126"]
[EventDate "2014.01.07"]
[EventType "swiss"]
[EventRounds "9"]
[EventCountry "ESP"]
[Source "lmi"]
[SourceDate "2014.01.07"]

1. d4 d5 2. c3 Nf6 3. Nf3 Nbd7 4. Bf4 e6 5. Nbd2 Bd6 6. Bg3 O-O 7. Qc2 Re8 8.
Ne5 Bxe5 9. dxe5 Ng4 10. Nf3 c5 11. h3 Nh6 12. e3 Nf5 13. Bf4 Nf8 14. Bd3 Ne7
15. O-O Neg6 16. Bg3 Bd7 17. Rfe1 b5 18. Rad1 Qa5 19. a3 b4 20. axb4 cxb4 21.
c4 b3 22. Qd2 Qb6 23. cxd5 exd5 24. Bxg6 Nxg6 25. Qxd5 Bc6 26. Qd4 Bxf3 27.
gxf3 Qe6 28. Kg2 Nxe5 29. Bxe5 Qxe5 30. Qxe5 Rxe5 31. Rd3 Rb5 32. Ra1 a5 33.
Ra3 a4 34. Rxa4 Rab8 35. Ra7 g6 36. Rdd7 Rg5+ 37. Kf1 Rf5 38. f4 Rb6 39. Rab7
Rbf6 40. Rd2 g5 41. fxg5 Rxg5 42. Rxb3 Rf3 43. h4 Rg4 44. Rb8+ Kg7 45. Rd4 Rxd4
46. exd4 Rf4 47. Rb4 Rxh4 48. Rc4 Rh1+ 49. Ke2 Kf6 50. Ke3 Re1+ 51. Kf3 h5 52.
Rc6+ Ke7 53. Rc5 Rb1 54. Rxh5 Rxb2 55. Ra5 f6 56. Ra6 Rb1 57. Ke4 Rb5 58. d5
Rb2 59. Re6+ Kf7 60. f3 Rd2 61. Ra6 Re2+ 62. Kf5 Re5+ 63. Kf4 Rxd5 1/2-1/2

[Event "Madrid ch veteranos 2014"]
[Site "Madrid ESP"]
[Date "2014.01.15"]
[Round "7.6"]
[White "Fuentes Arjona, Antonio"]
[Black "Hernandez Gutierrez, Jose"]
[Result "1-0"]
[WhiteElo "1992"]
[BlackElo "1835"]
[PlyCount "107"]
[EventDate "2014.01.07"]
[EventType "swiss"]
[EventRounds "9"]
[EventCountry "ESP"]
[Source "lmi"]
[SourceDate "2014.01.07"]

1. e4 e6 2. d4 d5 3. e5 c5 4. c3 Nc6 5. Nf3 Qb6 6. a3 c4 7. Nbd2 Na5 8. Be2 Bd7
9. a4 Ne7 10. O-O h6 11. Qe1 Rc8 12. Bd1 Qc7 13. Qe2 Nf5 14. g4 Ne7 15. Nh4 g5
16. Ng2 Ng6 17. f4 Nxf4 18. Nxf4 gxf4 19. Rxf4 Be7 20. Qf2 Rh7 21. Bc2 Rg7 22.
Rxf7 Rxg4+ 23. Kh1 Bc6 24. Rh7 Kd7 25. Qf7 Re8 26. Bg6 Qd8 27. Qxe8+ Qxe8 28.
Bxe8+ Kxe8 29. Rxh6 Kf7 30. Nf3 Nb3 31. Rb1 Bxa4 32. Rh7+ Rg7 33. Ng5+ Bxg5 34.
Rxg7+ Kxg7 35. Bxg5 Be8 36. Rf1 Bg6 37. Rf6 Bf5 38. Kg2 Na5 39. h4 Nc6 40. Kf3
Ne7 41. Bh6+ Kg8 42. Rf8+ Kh7 43. Rf7+ Kxh6 44. Rxe7 Kh5 45. Kg3 b5 46. Rxa7
Bc2 47. Rb7 Bd3 48. Rxb5 Bf5 49. Rb8 Bc2 50. Rf8 Bf5 51. Kf4 Kh6 52. Kg3 Kg7
53. Rf6 Kh7 54. Rxf5 1-0

[Event "Madrid ch veteranos 2014"]
[Site "Madrid ESP"]
[Date "2014.01.15"]
[Round "7.7"]
[White "Serrano Martin, Antonio"]
[Black "Lopez Heras, Arturo"]
[Result "0-1"]
[WhiteElo "2036"]
[BlackElo "1948"]
[PlyCount "74"]
[EventDate "2014.01.07"]
[EventType "swiss"]
[EventRounds "9"]
[EventCountry "ESP"]
[Source "lmi"]
[SourceDate "2014.01.07"]

1. d4 Nf6 2. c4 g6 3. Nc3 Bg7 4. e4 d6 5. Be2 O-O 6. h4 h5 7. Bg5 c5 8. dxc5
Qa5 9. Qd2 Qxc5 10. Nh3 Nc6 11. Nf4 Ng4 12. Bxg4 hxg4 13. f3 Bd7 14. Nfd5 f6
15. Be3 Qa5 16. a3 Qd8 17. Nf4 Qe8 18. O-O Rc8 19. Rac1 Kh7 20. c5 Ne5 21. Ncd5
e6 22. Nb4 a5 23. Nbd3 Nxd3 24. Nxd3 d5 25. exd5 exd5 26. Rfe1 Qd8 27. Nf4 f5
28. Bd4 Qxh4 29. Bxg7 Kxg7 30. Nxd5 Rce8 31. Qc3+ Kf7 32. f4 Bc6 33. Rxe8 Rxe8
34. Qd3 Re4 35. g3 Qd8 36. Ne3 Qxd3 37. Rc3 Rxe3 0-1

[Event "Madrid ch veteranos 2014"]
[Site "Madrid ESP"]
[Date "2014.01.15"]
[Round "7.8"]
[White "Lopez Rodriguez, Eduardo"]
[Black "Garcia Gutierrez, Jose"]
[Result "0-1"]
[WhiteElo "1848"]
[BlackElo "2006"]
[PlyCount "60"]
[EventDate "2014.01.07"]
[EventType "swiss"]
[EventRounds "9"]
[EventCountry "ESP"]
[Source "lmi"]
[SourceDate "2014.01.07"]

1. e4 e6 2. d4 d5 3. exd5 exd5 4. h3 Bd6 5. Qf3 Ne7 6. Bd3 O-O 7. Ne2 Nd7 8.
O-O f5 9. Bg5 Nf6 10. Bxf6 Rxf6 11. Nf4 c6 12. Re1 Qc7 13. Ne2 Bd7 14. Nd2 Raf8
15. c4 Ng6 16. g3 f4 17. g4 Nh4 18. Qh1 f3 19. Nc3 Ng2 20. Red1 Rh6 21. Nxf3
Rxf3 22. Qxg2 Rfxh3 23. Kf1 Rh2 24. Qg1 Rh1 25. Ke2 Rxg1 26. Rxg1 Bh2 27. Rg2
Qf4 28. cxd5 Bxg4+ 29. Kf1 Bh3 30. Ne2 Qf3 0-1

[Event "Madrid ch veteranos 2014"]
[Site "Madrid ESP"]
[Date "2014.01.15"]
[Round "7.9"]
[White "Roldan Garcia, Angel"]
[Black "Lopez Peral, Enrique"]
[Result "1/2-1/2"]
[WhiteElo "1759"]
[BlackElo "1797"]
[PlyCount "38"]
[EventDate "2014.01.07"]
[EventType "swiss"]
[EventRounds "9"]
[EventCountry "ESP"]
[Source "lmi"]
[SourceDate "2014.01.07"]

1. e4 c5 2. c3 d5 3. exd5 Qxd5 4. d4 Nc6 5. Nf3 Bg4 6. Be2 cxd4 7. cxd4 e6 8.
Nc3 Bb4 9. O-O Bxc3 10. bxc3 Nge7 11. Qa4 Qa5 12. Qb3 O-O 13. Bd2 b6 14. h3
Bxf3 15. Bxf3 Rac8 16. Rfd1 Qa6 17. Bg5 Na5 18. Qc2 Nec6 19. Be2 Nc4 1/2-1/2